000 007720000a22002410004500
090 _aMM
_b00184
245 1 0 _aManual de PCBs para Colombia
_sinforme final
300 _bCD-ROM
440 0 _aBiblioteca ambiental digital, 14
_9100981
650 1 4 _aBifenilos policlorados - PCBs
_9100835
650 1 4 _aContaminación ambiental
_9351
650 1 4 _aSustancias tóxicas
_9100836
650 1 4 _aSustancias peligrosas
_992274
650 1 4 _aManejo de sustancias tóxicas
_920854
651 4 _pColombia
_992749
041 0 _aEspañol
044 _aColombia
710 1 _lColombia
_aMinisterio del Medio Ambiente
_997884
710 1 _aDouglas White and Associates
_9100982
110 1 _aProyecto CERI - ACDI
_9100983
260 _aBogotá
_bMinambiente
_c2002
942 _cCD-ROM
999 _c16560
_d16560